000 01161nam a2200253Ia 4500
001 9041
003 GE_BSU
008 181216s||||||||xx |||||||||||||| ||und||
040 _cGE_BSU
080 _a821.353.1-4+636+331(479.22)
100 _aკობერიძე,კარლო
245 _aშირაქის გზაზე მივდივარ
245 _bნარკვევი.
245 _cრედ:არჩილ სულაკაური;მხატვ: ზ.ზედგინიძე
260 _aთბილისი
260 _bნაკადული
260 _c1974.
300 _a74გვ;ილ.16სმ.
653 _aნარკვევი სოციალისტურ შრომის გმირ შირაქელ მწველავ ზ. ალხანიშვილზე
653 _aნარკვევი.
653 _aქართველი მწველავები; ქართველი სოციალისტური შრომის გმირები;
653 _aშირაქის გზაზე მივდივარ
942 _cBK
999 _c42345
_d42345